Statistics for Five Biggest Cities by Subdivision on a Map

Click here to take the quiz!

General Stats

  • This quiz has been taken 335 times
  • The average score is 21 of 44

Answers on the Map

Answers color-coded by a green-red scale on the quiz's map according to % correct below.
 

Answer Stats

PopCity% Correct
5.50 mMiami
97%
1.51 mOrlando
92%
470 kCardiff
91%
2.05 mBrisbane
90%
2.44 mTampa
90%
1.06 mJacksonville
88%
1.06 mEdmonton
87%
1.23 mCalgary
85%
1.22 mSeville
83%
810 kMálaga
73%
600 kGold Coast
72%
309 kSwansea
71%
6.35 mAhmedabad
69%
491 kGranada
65%
845 kBologna
61%
316 kCórdoba
60%
144 kCairns
58%
827 kCancún
55%
4.59 mSurat
52%
9.11 mHangzhou
46%
319 kNewport
43%
168 kTownsville
43%
184 kModena
39%
198 kParma
39%
243 kSunshine Coast
38%
65.3 kWrexham
35%
212 kAlmería
30%
158 kRavenna
29%
643 kSarasota
29%
99.7 kRed Deer
28%
3.03 mWenzhou
28%
3.49 mNingbo
25%
1.39 mRajkot
23%
171 kReggio Emilia
23%
1.82 mVadodara
22%
66.5 kFort McMurray
21%
87.5 kLethbridge
21%
221 kPlaya del Carmen
18%
96.5 kSan Miguel de Cozumel
18%
51.5 kBarry
16%
190 kChetumal
13%
1.90 mTaizhou
13%
1.46 mCixi
12%
635 kBhavnagar
10%

Score Distribution

Percentile by Number Answered

Percent of People with Each Score

Your Score History

You have not taken this quiz